The community factory in modern technology

保存先:
書誌詳細
第一著者: Scott, Jerome F.
フォーマット: 図書
言語:Undetermined
出版事項: Paris Unesco 1952
主題:
タグ: タグ追加
タグなし, このレコードへの初めてのタグを付けませんか!
Thư viện lưu trữ: Trung tâm Học liệu Trường Đại học Cần Thơ
LEADER 00519nam a2200193Ia 4500
001 CTU_86698
008 210402s9999 xx 000 0 und d
082 |a 303.483 
082 |b S425 
100 |a Scott, Jerome F. 
245 4 |a The community factory in modern technology 
245 0 |c Jerome F. Scott 
260 |a Paris 
260 |b Unesco 
260 |c 1952 
650 |a Communications life,Industries 
650 |x Social aspects 
904 |i Năm 
980 |a Trung tâm Học liệu Trường Đại học Cần Thơ